[Event "33rd ECCC Open 2017"]
[Site "Antalya"]
[Date "2017.10.11"]
[Round "4"]
[White "Walton, Alan J"]
[Black "Asllani, Ibrahim"]
[Result "1-0"]
[WhiteElo "2207"]
[BlackElo "2072"]
[Annotator "NA"]
[PlyCount "75"]
[EventType "team-tourn"]
[EventCountry "TUR"]
[SourceTitle "playchess.com"]
[Source "ChessBase"]
[SourceQuality "1"]
[WhiteTeam "3CS Oldham"]
[BlackTeam "Hasan Pristina"]
[TimeControl "40/5400+30:1800+30"]

1. d4 {[%emt 0:00:30]} Nf6 {[%emt 0:01:00]} 2. Bg5 {[%emt 0:00:00]} e6 {[%emt 0:00:30]} 3. e4 {[%emt 0:00:00]} Be7 {[%emt 0:00:00]} 4. e5 {[%emt 0:00:30]} Nd5 {[%emt 0:00:00]} 5. Bd2 {[%emt 0:00:30]} c5 {[%emt 0:00:30] A45: Trompowsky Attack} 6. c4 {[%emt 0:00:30]} Nc7 {[%emt 0:00:30]} 7. Qg4 {[%emt 0:00:30]} O-O {[%emt 0:01:30]} (7... g6 8. dxc5 Nc6 9. Nf3 Bxc5 10. Nc3 d5 11. exd6 Bxd6 12. O-O-O e5 13. Qg3 {1-0 (36) Galego,L (2495)-Ulyanovskyy,V (2290) Pampilhosa da Serra 2012}) 8. Bh6 {[%emt 0:00:30]} Ne8 {[%emt 0:00:00]} 9. Bd3 $146 {[%emt 0:04:30]} ({Predecessor:} 9. dxc5) 9... Nc6 {[%emt 0:01:00]} 10. Nf3 {[%emt 0:21:30]} f5 $2 {[%emt 0:12:30]} (10... Nb4 $19 {is more deadly.} 11. Ke2 d6) 11. exf6 {[%emt 0:01:30]} Rxf6 {[%emt 0:00:30]} 12. Bd2 {[%emt 0:01:30]} Rf7 {[%emt 0:07:30]} 13. Ne5 {[%emt 0:02:30]} Nxe5 {[%emt 0:02:30]} 14. dxe5 {[%emt 0:00:30]} d6 {[%emt 0:00:30]} 15. Qh3 {[%emt 0:05:30]} g6 {[%emt 0:00:30]} 16. Nc3 {[%emt 0:02:30]} dxe5 {[%emt 0:05:30]} 17. O-O-O {[%emt 0:01:30]} Bg5 {[%emt 0:01:30]} ({Don't go for} 17... Rxf2 $2 18. Be3 $18) (17... Ng7 $11) 18. Ne4 {[%emt 0:02:30]} Bxd2+ {[%emt 0:00:30]} 19. Rxd2 {[%emt 0:00:30]} Qe7 {[%emt 0:02:30]} 20. Qe3 {[%emt 0:01:30]} b6 {[%emt 0:03:30]} 21. h4 $16 {[%emt 0:01:30]} Ng7 {[%emt 0:01:30]} 22. Ng5 {[%emt 0:00:30]} Rf5 {[%emt 0:01:30]} 23. Bxf5 {[%emt 0:00:30]} exf5 {[%emt 0:01:30]} 24. Rhd1 {[%emt 0:00:30]} h6 {[%emt 0:01:30]} 25. Rd8+ {[%emt 0:00:30]} Ne8 {[%emt 0:00:30]} 26. Nf3 {[%emt 0:00:30]} e4 {[%emt 0:01:30]} 27. Ne1 {[%emt 0:06:30]} Kh7 {[%emt 0:00:30]} 28. Qc3 {[%emt 0:02:30]} Ng7 {[%emt 0:01:30]} 29. Nc2 {[%emt 0:03:30]} f4 {[%emt 0:03:30]} 30. g3 {[%emt 0:00:30]} g5 {[%emt 0:01:30]} 31. hxg5 {[%emt 0:01:30]} Qxg5 {[%emt 0:01:30]} 32. gxf4 {[%emt 0:00:30]} Qxf4+ {[%emt 0:01:30]} 33. Ne3 {[%emt 0:00:30]} Qg5 {[%emt 0:01:30]} 34. Kc2 {[%emt 0:02:30]} Bb7 {[%emt 0:02:30]} 35. Rxa8 {[%emt 0:00:30]} Bxa8 {[%emt 0:00:30]} 36. Rd7 {[%emt 0:00:30]} Bc6 {[%emt 0:01:30]} 37. Rc7 {[%emt 0:00:30]} Be8 {[%emt 0:01:30]} 38. Nf5 {[%emt 0:00:30]} 1-0

[Event "33rd ECCC Open 2017"]
[Site "Antalya"]
[Date "2017.10.11"]
[Round "4"]
[White "Stanic, Zoran"]
[Black "Yuksel, Mahmut"]
[Result "1-0"]
[WhiteElo "2169"]
[BlackElo "1701"]
[Annotator "NA"]
[PlyCount "74"]
[EventType "team-tourn"]
[EventCountry "TUR"]
[SourceTitle "playchess.com"]
[Source "ChessBase"]
[SourceQuality "1"]
[WhiteTeam "Bonnevoie"]
[BlackTeam "Genc"]
[TimeControl "40/5400+30:1800+30"]

1. d4 {[%emt 0:00:30]} c5 {[%emt 0:01:00]} 2. dxc5 {[%emt 0:01:30]} e6 {[%emt 0:02:30]} 3. e4 {[%emt 0:03:30]} Bxc5 {[%emt 0:00:30]} 4. Nc3 {[%emt 0:00:30]} Qb6 {[%emt 0:05:30]} 5. Qf3 {[%emt 0:09:30]} Nc6 {[%emt 0:05:30]} 6. Qg3 {[%emt 0:06:30]} Nge7 {[%emt 0:11:30]} 7. a3 {[%emt 0:10:30]} d5 {[%emt 0:22:30]} 8. Bd3 $11 {[%emt 0:06:30]} Bd4 {[%emt 0:11:30]} 9. Nf3 {[%emt 0:17:30]} Bxc3+ {[%emt 0:04:30]} 10. bxc3 {[%emt 0:00:30]} Ng6 {[%emt 0:08:30]} 11. h4 {[%emt 0:08:30]} dxe4 {[%emt 0:03:57]} 12. Bxe4 {[%emt 0:00:30]} f5 {[%emt 0:00:00]} 13. Bd3 {[%emt 0:03:30]} Qc5 {[%emt 0:03:26]} 14. Bd2 {[%emt 0:15:10]} f4 {[%emt 0:00:00]} 15. Bxg6+ {[%emt 0:01:55]} hxg6 {[%emt 0:00:00]} 16. Qxg6+ {[%emt 0:01:19]} Kf8 {[%emt 0:00:00]} 17. Ng5 {[%emt 0:03:52]} Qf5 {[%emt 0:00:00]} 18. Qxf5+ {[%emt 0:00:00]} exf5 {[%emt 0:00:00]} 19. Bxf4 {[%emt 0:00:25]} Ke7 {[%emt 0:00:00]} 20. O-O-O {[%emt 0:01:39]} Rd8 {[%emt 0:00:00]} 21. Rhe1+ {[%emt 0:01:54]} Kf6 {[%emt 0:02:22]} 22. Rxd8 {[%emt 0:00:03]} Nxd8 {[%emt 0:00:46]} 23. Re8 {[%emt 0:01:56]} Bd7 {[%emt 0:01:14]} 24. Be5+ {[%emt 0:00:49]} Kg6 {[%emt 0:04:47]} 25. Rh8 {[%emt 0:02:20]} Nc6 {[%emt 0:02:30]} 26. Rxa8 {[%emt 0:00:30]} Nxe5 {[%emt 0:00:15]} 27. Rxa7 {[%emt 0:00:45]} Bc6 {[%emt 0:00:47]} 28. g3 {[%emt 0:01:07]} Kh5 {[%emt 0:00:30]} 29. Ra5 {[%emt 0:00:00]} Nc4 {[%emt 0:01:06]} 30. Rxf5 {[%emt 0:00:17]} Nxa3 {[%emt 0:02:41]} 31. Ne6+ {[%emt 0:00:20]} Kh6 {[%emt 0:03:50]} 32. Nd4 {[%emt 0:00:41]} Bg2 {[%emt 0:00:30]} 33. Rc5 {[%emt 0:00:30]} Bf1 {[%emt 0:00:30]} 34. Nf5+ {[%emt 0:00:39]} Kg6 {[%emt 0:00:00]} 35. Ne3 {[%emt 0:00:30]} Ba6 {[%emt 0:00:15]} 36. c4 {[%emt 0:00:30]} b6 {[%emt 0:00:30]} 37. Rc6+ {[%emt 0:00:30]} Kh5 {[%emt 0:05:09]} 1-0

[Event "33rd ECCC Open 2017"]
[Site "Antalya"]
[Date "2017.10.11"]
[Round "4"]
[White "Hamiti, Gani"]
[Black "Christiansen, Johan-Sebastian"]
[Result "0-1"]
[WhiteElo "2153"]
[BlackElo "2462"]
[Annotator "TA"]
[PlyCount "62"]
[EventType "team-tourn"]
[EventCountry "TUR"]
[SourceTitle "playchess.com"]
[Source "ChessBase"]
[SourceQuality "1"]
[WhiteTeam "Dardania"]
[BlackTeam "Valerenga"]

{[%evp 13,62,-120,-112,-119,-119,-109,-114,-96,-111,-105,-112,-102,-100,-197,-203,-204,-191,-199,-195,-203,-192,-198,-202,-195,-202,-190,-177,-204,-222,-212,-168,-196,-187,-262,-245,-310,-317,-317,-324,-364,-350,-642,-622,-596,-642,-642,-642,-623,-614,-618,-617]} 1. e4 e5 2. Nf3 Nc6 3. Bc4 Nf6 4. O-O Nxe4 5. Re1 d5 6. Bb5 Bc5 7. d4 exd4 8. Nbd2 {C55: Two Knights: 4 d3, 4 d4 exd4 5 e5 and Max Lange Attack} O-O 9. Nxe4 dxe4 10. Rxe4 {Black is better.} Qd5 11. Bd3 Bf5 12. Rh4 Nb4 $146 ({Predecessor:} 12... Bg6 13. Bf4 Be7 14. Rh3 Rac8 15. Qe2 Bf6 {½-½ (52) Gietl,T (2220)-Jell,K (2230) Bayern 1996}) 13. Rh5 (13. Bxf5 $17 {is a better defense.} Qxf5 14. Bd2) 13... Nxd3 $19 14. cxd3 {With the idea Nh4.} g6 {[%cal Bg7g6,Bg6g5][%mdl 32]} 15. Rh4 f6 16. b4 Bb6 $40 {[%mdl 128] Black goes for the king.} 17. Bb2 g5 18. Rxd4 Bxd4 19. Nxd4 Bg6 20. Qg4 Rfe8 21. h4 h6 {[%cal Bh7h6,Bh6g5][%mdl 32]} 22. hxg5 hxg5 23. Qh3 (23. Nc2 $142) 23... Rad8 {[%cal Ba8d8,Bd8d7,Bd7d1][%mdl 32]} 24. Nf3 Kf7 25. Rc1 c6 ({But not} 25... Qxd3 26. Rxc7+ Re7 27. Rc1 $19) 26. Qg3 Qxd3 27. Qc7+ $2 (27. Bc3) 27... Rd7 {Black is clearly winning.} 28. Qg3 {[#]} Qd1+ $1 {[%mdl 512]} 29. Rxd1 Rxd1+ 30. Kh2 {Nxg5+! is the strong threat.} Rh8+ 31. Qh3 Rxh3+ {Precision: White = 36%, Black = 74%.} 0-1

[Event "33rd ECCC Open 2017"]
[Site "Antalya"]
[Date "2017.10.11"]
[Round "4"]
[White "O'Connell, Gerard"]
[Black "Costachi, Mihnea"]
[Result "0-1"]
[WhiteElo "2150"]
[BlackElo "2425"]
[Annotator "TA"]
[PlyCount "54"]
[EventType "team-tourn"]
[EventCountry "TUR"]
[SourceTitle "playchess.com"]
[Source "ChessBase"]
[SourceQuality "1"]
[WhiteTeam "Benildus"]
[BlackTeam "Adare"]

{[%evp 15,54,0,0,0,0,0,0,-31,-31,-40,-40,-34,15,-198,-186,-185,-182,-189,-132,-125,-145,-145,-146,-164,-165,-184,-160,-175,-172,-168,-171,-199,-188,-298,-291,-263,-127,-116,-170,-596,-638]} 1. d4 Nf6 2. c4 g6 3. Nc3 Bg7 4. e4 d6 5. f4 O-O 6. Nf3 Na6 7. Be2 e5 8. dxe5 dxe5 9. Qxd8 {E76: King's Indian: Four Pawns Attack: Lines specific to 6 Nf3 move-order} (9. Nxe5 Nc5 10. Bf3 Qxd1+ 11. Kxd1 Rd8+ 12. Kc2 Nfxe4 13. Nxe4 Bf5 14. Re1 Bxe5 15. fxe5 Rd4 16. Kc3 Rd3+ 17. Kc2 Rd4 18. Kc3 Rd3+ 19. Kb4 Na6+ 20. Ka5 b6+ 21. Kxa6 Bc8+ 22. Kb5 Bd7+ 23. Ka6 Bf5 {½-½ (23) Mikhalchishin,A (2528)-Spasov,V (2579) Kocaeli 2008}) 9... Rxd8 10. fxe5 Ng4 11. Bg5 {The position is equal.} Re8 12. Nd5 Nxe5 13. O-O-O c6 14. Nxe5 $146 {[#]} (14. Ne7+ $1 $11 {and White is okay.} Kf8 15. Nxe5 (15. Nxc8 Raxc8 16. Be3 Ng4 $11) 15... Bxe5 16. Nxc8 Raxc8 17. Bg4) ({Predecessor:} 14. Ne7+ Kf8 15. Nxe5 Bxe5 16. Nxc8 Raxc8 {0-1 (32) Werner,G-Haakert,J (2315) Germany 1990}) 14... cxd5 $19 15. Nf3 h6 ({But not} 15... Rxe4 16. Bd3 $17) 16. Bh4 dxe4 ({Black should try} 16... Rxe4 $19 17. Bd3 Rg4) 17. Nd4 $17 Bd7 18. Rhf1 f5 19. Bg3 Nc5 20. Kb1 Rad8 21. Nb5 Bxb5 22. cxb5 Na4 23. Bc7 Rc8 24. Bc4+ (24. Rd7 {might work better.}) 24... Kh8 $19 25. Rd7 Nc5 ({Less strong is} 25... Bxb2 26. Bf7 $17) (25... e3 $19 {has better winning chances. Strongly threatening ...e2.} 26. Bf7 Re4) 26. Rf7 $17 e3 (26... Ne6 $17 27. Bxe6 Rxe6) 27. g4 $2 {[#]} (27. Re1 {is more resistant.}) 27... Ne4 {Precision: White = 23%, Black = 82%.} 0-1

[Event "33rd ECCC Open 2017"]
[Site "Antalya"]
[Date "2017.10.11"]
[Round "4"]
[White "Jackson, Carl"]
[Black "Civi, Anil"]
[Result "1-0"]
[WhiteElo "2149"]
[BlackElo "1385"]
[Annotator "NA"]
[PlyCount "127"]
[EventType "team-tourn"]
[EventCountry "TUR"]
[SourceTitle "playchess.com"]
[Source "ChessBase"]
[SourceQuality "1"]
[WhiteTeam "Gonzaga"]
[BlackTeam "Hatay"]
[TimeControl "40/5400+30:1800+30"]

1. e4 e6 2. d4 d5 3. Nc3 dxe4 4. Nxe4 Nf6 5. Bg5 Be7 6. Bxf6 Bxf6 7. Nxf6+ Qxf6 8. Nf3 Nd7 9. Qd2 O-O 10. O-O-O a6 11. Be2 b5 12. Qg5 Bb7 13. Qg3 Rac8 14. Rd2 c5 15. Rhd1 c4 16. Ne5 {[#]} Rfd8 $15 (16... Nb6 $1 $17 17. c3 Qe7) 17. c3 Be4 18. Bf3 Bd5 19. Bxd5 exd5 20. Nxd7 Rxd7 21. Qe5 Qb6 22. Re1 h6 23. Rde2 b4 24. Qf5 Rdd8 25. Re7 Qf6 26. Qxf6 gxf6 27. cxb4 c3 28. b3 Kf8 29. Kc2 Rd6 30. R7e3 Rdc6 31. Rh3 f5 32. Ree3 Re8 33. Rxe8+ Kxe8 34. Rxc3 Rg6 35. g3 Ke7 36. Rc5 Kd6 37. b5 axb5 38. Rxb5 Kc6 39. Rc5+ Kd6 40. f4 h5 41. b4 Re6 42. Kd3 Re1 43. Rc2 Rd1+ 44. Kc3 Kc6 45. Rb2 Kb5 46. a3 Rf1 47. a4+ Kxa4 48. b5 Rf3+ 49. Kc2 Rf2+ 50. Kb1 Rxb2+ 51. Kxb2 Kxb5 52. Kb3 Kc6 53. Ka4 Kb6 54. Kb4 Kc6 55. Ka5 Kc7 56. Kb5 Kd6 57. Kb6 Kd7 58. Kc5 Ke6 59. Kc6 f6 60. h3 Ke7 61. Kxd5 Kd7 62. h4 Ke7 63. Kc6 Kd8 64. Kd6 1-0

[Event "33rd ECCC Open 2017"]
[Site "Antalya"]
[Date "2017.10.11"]
[Round "4"]
[White "Jashari, Ardian"]
[Black "Vea, Odin Blikra"]
[Result "0-1"]
[WhiteElo "2116"]
[BlackElo "2211"]
[Annotator "NA"]
[PlyCount "59"]
[EventType "team-tourn"]
[EventCountry "TUR"]
[SourceTitle "playchess.com"]
[Source "ChessBase"]
[SourceQuality "1"]
[WhiteTeam "Dardania"]
[BlackTeam "Valerenga"]
[TimeControl "40/5400+30:1800+30"]

1. e4 {[%emt 0:00:00]} c5 {[%emt 0:00:00]} 2. Nf3 {[%emt 0:00:00]} d6 {[%emt 0:00:30]} 3. d4 {[%emt 0:00:30]} cxd4 {[%emt 0:00:30]} 4. Nxd4 {[%emt 0:00:30]} Nf6 {[%emt 0:00:00]} 5. Nc3 {[%emt 0:00:30]} g6 {[%emt 0:00:00]} 6. Be3 {[%emt 0:03:30]} Bg7 {[%emt 0:00:30]} 7. Bc4 {[%emt 0:00:00]} Nc6 {[%emt 0:00:30]} 8. Qd2 {[%emt 0:03:00]} O-O {[%emt 0:00:30]} 9. f3 {[%emt 0:00:30]} Bd7 {[%emt 0:00:00]} 10. O-O {[%emt 0:04:30]} Rc8 {[%emt 0:00:00]} 11. Bb3 {[%emt 0:00:00]} Ne5 {[%emt 0:00:30]} 12. Nd5 {[%emt 0:01:00]} Nc4 {[%emt 0:04:30]} 13. Bxc4 {[%emt 0:00:30]} Rxc4 {[%emt 0:00:00] B77: Sicilian Dragon: Yugoslav Attack, 9 Bc4 sidelines} 14. b3 {[%emt 0:01:30]} Rc8 {[%emt 0:00:00]} 15. c4 {[%emt 0:02:30]} a6 {[%emt 0:04:30]} 16. a4 {[%emt 0:09:30]} Re8 $146 {[%emt 0:00:30]} ({Predecessor:} 16... a5 17. Rad1 Bc6 18. Nxc6 Rxc6 19. Bd4 Nd7 20. Bxg7 Kxg7 21. Qc3+ {½-½ (34) Barglowski,F (2337)-Sondermann,J (2163) Pardubice 2006}) 17. a5 {[%emt 0:00:30]} Nxd5 {[%emt 0:00:30]} 18. exd5 {[%emt 0:00:00]} e5 {[%emt 0:00:30]} 19. dxe6 {[%emt 0:01:00]} fxe6 {[%emt 0:01:30]} 20. Rad1 {[%emt 0:01:30]} e5 {[%emt 0:02:30]} (20... d5 $11) 21. Ne2 {[%emt 0:00:00]} Bc6 {[%emt 0:09:30]} 22. Bb6 {[%emt 0:01:00]} ({Viel schlechter ist} 22. Qxd6 $6 Qxa5 23. Ng3 Rcd8 $11) 22... Qh4 {[%emt 0:00:30]} 23. Nc3 {[%emt 0:04:30]} e4 {[%emt 0:02:30]} 24. Nxe4 {[%emt 0:01:30]} Rxe4 {[%emt 0:01:30]} 25. fxe4 {[%emt 0:01:30]} Be5 {[%emt 0:00:30]} 26. h3 $18 {[%emt 0:11:30]} Qg3 {[%emt 0:00:30]} 27. Rf3 {[%emt 0:00:30]} Qh2+ {[%emt 0:00:30]} 28. Kf2 {[%emt 0:01:30]} Bxe4 {[%emt 0:00:30]} 29. Rf1 {[%emt 0:02:30]} Bxf3 {[%emt 0:00:30]} 30. Qc2 {[%emt 0:01:30]} 0-1

[Event "33rd ECCC Open 2017"]
[Site "Antalya"]
[Date "2017.10.11"]
[Round "4"]
[White "Cirovic, Miroljub"]
[Black "Georgakopoulos, Nikolaos K"]
[Result "1-0"]
[WhiteElo "2095"]
[BlackElo "2086"]
[Annotator "NA"]
[PlyCount "87"]
[EventType "team-tourn"]
[EventCountry "TUR"]
[SourceTitle "playchess.com"]
[Source "ChessBase"]
[SourceQuality "1"]
[WhiteTeam "Elektroprivreda"]
[BlackTeam "Chania"]
[TimeControl "40/5400+30:1800+30"]

1. d4 {[%emt 0:01:30]} g6 {[%emt 0:01:00]} 2. c4 {[%emt 0:00:30]} Bg7 {[%emt 0:00:00]} 3. Nc3 {[%emt 0:00:00]} d6 {[%emt 0:00:00]} 4. e4 {[%emt 0:01:00]} c6 {[%emt 0:00:30]} 5. Nf3 {[%emt 0:00:30]} a6 {[%emt 0:00:00]} 6. Be2 {[%emt 0:05:30]} b5 {[%emt 0:00:00]} 7. a3 {[%emt 0:02:30]} Nd7 {[%emt 0:00:30]} 8. Be3 {[%emt 0:00:30]} Ngf6 {[%emt 0:02:30]} 9. Nd2 {[%emt 0:02:30]} e5 {[%emt 0:05:30]} 10. d5 {[%emt 0:00:00]} cxd5 {[%emt 0:01:30]} 11. cxd5 {[%emt 0:00:00]} O-O {[%emt 0:02:30]} 12. O-O {[%emt 0:00:30]} Ne8 {[%emt 0:14:30]} 13. b4 {[%emt 0:01:30]} f5 {[%emt 0:01:30]} 14. f3 {[%emt 0:00:30]} f4 {[%emt 0:12:30]} (14... fxe4 $16 {is a better defense.} 15. Ndxe4 Ndf6) 15. Bf2 {[%emt 0:00:30]} g5 {[%emt 0:02:30]} (15... Nb6 $16 {might work better.}) 16. a4 {[%emt 0:01:30]} bxa4 {[%emt 0:00:30]} 17. Nxa4 {[%emt 0:01:30]} Rb8 {[%emt 0:02:30]} 18. Nc5 $14 {[%emt 0:11:30]} (18. Nc4 $18) 18... Nc7 {[%emt 0:10:30]} 19. Nxa6 {[%emt 0:09:30]} Bxa6 {[%emt 0:10:30]} 20. Bxa6 {[%emt 0:00:00]} Rxb4 {[%emt 0:00:30]} 21. Be2 {[%emt 0:01:00]} Nb5 {[%emt 0:05:30]} 22. Bxb5 {[%emt 0:01:30]} Rxb5 {[%emt 0:00:30]} 23. Qa4 {[%emt 0:00:00]} Qb8 {[%emt 0:08:10]} 24. Rab1 {[%emt 0:00:00]} Rxb1 {[%emt 0:02:17]} 25. Rxb1 {[%emt 0:00:00]} Qc7 {[%emt 0:04:18]} 26. Qc6 {[%emt 0:00:00]} Qa5 {[%emt 0:02:45]} 27. Nc4 {[%emt 0:01:30]} Qa2 {[%emt 0:00:56]} 28. Rc1 {[%emt 0:00:30]} Nf6 {[%emt 0:04:13]} 29. Nxd6 {[%emt 0:00:30]} g4 {[%emt 0:00:20]} 30. Nf5 {[%emt 0:01:30]} gxf3 {[%emt 0:02:26]} 31. gxf3 {[%emt 0:00:00]} Kh8 {[%emt 0:03:26]} 32. Qc4 {[%emt 0:02:00]} Qa3 {[%emt 0:01:12]} 33. Qc3 {[%emt 0:00:00]} Qxc3 {[%emt 0:00:39]} 34. Rxc3 {[%emt 0:00:00]} Nxd5 {[%emt 0:00:37]} 35. Rc5 {[%emt 0:01:30]} Nb4 {[%emt 0:00:35]} 36. Bh4 {[%emt 0:02:30]} Rg8 {[%emt 0:00:34]} 37. Kf1 {[%emt 0:00:30]} Nd3 {[%emt 0:00:55]} 38. Rc7 {[%emt 0:00:30]} Rb8 {[%emt 0:00:29]} 39. Rxg7 {[%emt 0:00:00]} Rb1+ {[%emt 0:00:29]} 40. Kg2 {[%emt 0:00:00]} h5 {[%emt 0:00:39]} 41. Rd7 {[%emt 0:00:30]} Rb2+ {[%emt 0:02:30]} 42. Kh3 {[%emt 0:00:30]} Rb3 {[%emt 0:02:30]} 43. Nh6 {[%emt 0:00:30]} Nf2+ {[%emt 0:03:30]} 44. Kg2 {[%emt 0:00:00]} 1-0

[Event "33rd ECCC Open 2017"]
[Site "Antalya"]
[Date "2017.10.11"]
[Round "4"]
[White "Rositsan, Boris"]
[Black "Laznicka, Viktor"]
[Result "0-1"]
[WhiteElo "2087"]
[BlackElo "2654"]
[Annotator "TA"]
[PlyCount "96"]
[EventType "team-tourn"]
[EventCountry "TUR"]
[SourceTitle "playchess.com"]
[Source "ChessBase"]
[SourceQuality "1"]
[WhiteTeam "MAKABI"]
[BlackTeam "Novy Bor"]

{[%evp 15,96,10,23,-34,-30,-35,-10,-8,-22,-53,-68,-152,-116,-137,-121,-160,-164,-590,-595,-638,-627,-695,-691,-656,-659,-644,-433,-438,-433,-415,-422,-441,-427,-428,-416,-417,-433,-443,-442,-491,-488,-464,-468,-474,-468,-802,-808,-837,-823,-843,-819,-1331,-1252,-1176,-1118,-5035,-5915,-2532,-1390,-973,-957,-4910,-4137,-4133,-1322,-1798,-1702,-29956,-12850,-9639,-11883,-6578,-6248,-4137,-4149,-29962,-11423,-4922,-4137,-29983,-29984,-29992,-29993]} 1. e4 c5 2. Nf3 d6 3. d4 cxd4 4. Nxd4 Nf6 5. Nc3 a6 6. Bg5 Nbd7 7. Bc4 e6 8. f4 b5 {[%cal Bb7b5,Bb5b4][%mdl 32]} 9. Bb3 {B96: Sicilian Najdorf: 6 Bg5 e6 7 f4, lines other than 7...Qb6 and 7...Be7} (9. Bxe6 $1 $11 fxe6 10. Nxe6) (9. Bxe6 fxe6 10. Nxe6 Qb6 11. Nd5 Nxd5 12. Qxd5 Nb8 13. Nxf8 Rxf8 14. Qxa8 Bb7 15. Qxb8+ Kf7 16. Qxf8+ Kxf8 {½-½ (28) Adhiban,B (2677)-Nepomniachtchi,I (2751) Tbilisi 2017}) 9... b4 $15 10. Na4 Bb7 11. O-O {The position is equal.} Bxe4 12. f5 e5 13. Ne6 ({White should play} 13. Re1 $15 Qb8 14. Bxf6 Nxf6 15. Rxe4 Nxe4 16. Bd5) 13... fxe6 $17 14. fxe6 Nb6 15. Qe2 {[#] Black must now prevent Rxf6!} d5 $146 {...Nxa4 is the strong threat.} ({Predecessor:} 15... Bg6 16. Rxf6 gxf6 17. Bxf6 Qxf6 18. Nxb6 {½-½ (30) Garcia Palermo,C-Vasquez de la Paz,J (2270) Villa Gesell 1972}) 16. Rxf6 $2 (16. c4 {is a better chance.} bxc3 17. Nxc3) 16... gxf6 $19 17. Qf2 Rg8 18. Bxf6 Rxg2+ 19. Qxg2 Qxf6 ({Less strong is} 19... Bxg2 20. Bxd8 Rxd8 21. Nxb6 $15) 20. Rf1 Qxe6 21. Qxe4 dxe4 22. Bxe6 {[#] Hoping for Bf7+.} Nxa4 23. Bd5 Rc8 24. Bxe4 Bc5+ 25. Kg2 Rc7 26. Rf6 Nxb2 27. Rxa6 Rg7+ 28. Kf3 Rf7+ 29. Kg3 Nd1 30. Re6+ (30. Ra5 $142 Bf2+ 31. Kh3) 30... Kd7 31. Rh6 Nc3 32. Bxh7 e4 {[%cal Be5e4,Be4e3][%mdl 32]} 33. Rh5 Bd6+ 34. Kg2 e3 35. Bf5+ Kc7 36. Bd3 e2 37. Bxe2 Nxe2 38. Ra5 Kb6 39. Ra8 Rg7+ 40. Kf2 Nf4 41. Rd8 Kc7 42. Ra8 Rg2+ 43. Kf3 Rxh2 44. Ra7+ Kb6 45. Rd7 Kc6 46. Rd8 Rxc2 47. Ke4 Rxa2 48. Kd4 Ne6+ {Precision: White = 31%, Black = 84%.} 0-1

[Event "33rd ECCC Open 2017"]
[Site "Antalya"]
[Date "2017.10.11"]
[Round "4"]
[White "Kocak, Can"]
[Black "Hove, Esben Kjems"]
[Result "0-1"]
[WhiteElo "2039"]
[BlackElo "2337"]
[Annotator "NA"]
[PlyCount "124"]
[EventType "team-tourn"]
[EventCountry "TUR"]
[SourceTitle "playchess.com"]
[Source "ChessBase"]
[SourceQuality "1"]
[WhiteTeam "Karaman"]
[BlackTeam "Nordkalotten"]
[TimeControl "40/5400+30:1800+30"]

1. e4 {[%emt 0:00:30]} c6 {[%emt 0:01:00]} 2. d4 {[%emt 0:00:30]} d5 {[%emt 0:00:30]} 3. e5 {[%emt 0:00:00]} Bf5 {[%emt 0:00:00]} 4. Nf3 {[%emt 0:00:00]} e6 {[%emt 0:00:00] LiveBook: 5525 Games} 5. Be2 {[%emt 0:02:30]} Nd7 {[%emt 0:00:30]} 6. O-O {[%emt 0:00:30]} Ne7 {[%emt 0:00:00]} 7. c3 {[%emt 0:01:30]} c5 {[%emt 0:00:00]} 8. dxc5 {[%emt 0:00:30]} Nxc5 {[%emt 0:00:30] B12: Caro-Kann: Advance Variation} 9. Nd4 {[%emt 0:00:30]} Bg6 {[%emt 0:03:30]} 10. Nd2 {[%emt 0:03:30]} Nc6 {[%emt 0:02:30]} 11. f4 $146 {[%emt 0:16:30]} ({Predecessor:} 11. Nxc6 bxc6 12. b4 Nd3 13. Nf3 Nxc1 14. Rxc1 {1-0 (63) Karjakin,S (2773)-Anand,V (2783) Saint Louis 2017}) 11... Be7 {[%emt 0:05:30]} 12. g4 {[%emt 0:09:30]} Bd3 {[%emt 0:07:30]} 13. b4 {[%emt 0:18:30]} Bxe2 {[%emt 0:01:30]} 14. Qxe2 {[%emt 0:00:30]} Na4 {[%emt 0:04:30]} 15. Nxc6 {[%emt 0:15:30]} Qb6+ {[%emt 0:03:30]} 16. Nd4 {[%emt 0:16:21]} Nxc3 {[%emt 0:02:30]} 17. Qf2 {[%emt 0:00:00]} Qxd4 $1 {[%emt 0:00:30]} 18. Qxd4 {[%emt 0:04:16]} Ne2+ {[%emt 0:00:00]} 19. Kf2 {[%emt 0:00:36]} Nxd4 {[%emt 0:00:00]} 20. a3 {[%emt 0:01:06]} a6 {[%emt 0:09:30]} 21. Bb2 {[%emt 0:01:02]} Nc6 {[%emt 0:02:30]} 22. Nb3 {[%emt 0:00:51]} Bd8 {[%emt 0:10:30]} 23. Kg3 {[%emt 0:01:06]} h5 {[%emt 0:02:30]} 24. h3 {[%emt 0:02:09]} Bb6 {[%emt 0:01:30]} 25. Rac1 {[%emt 0:00:56]} hxg4 {[%emt 0:03:30]} 26. hxg4 {[%emt 0:00:01]} g5 {[%emt 0:00:30]} 27. fxg5 {[%emt 0:02:36]} Be3 {[%emt 0:00:30]} 28. Rh1 {[%emt 0:01:32]} Ke7 {[%emt 0:00:30]} 29. Rce1 {[%emt 0:00:36]} Bxg5 {[%emt 0:02:30]} 30. Nc5 {[%emt 0:00:20]} b5 {[%emt 0:11:30]} 31. Kf3 {[%emt 0:00:56]} d4 {[%emt 0:10:14]} 32. Rxh8 {[%emt 0:00:58]} Rxh8 {[%emt 0:00:09]} 33. Nxa6 {[%emt 0:00:03]} Rh3+ {[%emt 0:02:52]} 34. Kg2 {[%emt 0:00:14]} Rb3 {[%emt 0:01:39]} 35. Rb1 {[%emt 0:00:19]} Bf4 {[%emt 0:04:17]} 36. Nc5 {[%emt 0:00:15]} Rg3+ {[%emt 0:00:16]} 37. Kf2 {[%emt 0:00:24]} Nxe5 {[%emt 0:02:09]} 38. Bxd4 {[%emt 0:01:15]} Nxg4+ {[%emt 0:00:14]} 39. Ke2 {[%emt 0:00:30]} Rxa3 {[%emt 0:00:09]} 40. Rg1 {[%emt 0:00:00]} Ne5 {[%emt 0:03:01]} 41. Ne4 {[%emt 0:13:16]} Ra2+ {[%emt 0:11:30]} 42. Kd1 {[%emt 0:01:12]} Ng6 {[%emt 0:11:37]} 43. Ke1 {[%emt 0:14:17]} e5 {[%emt 0:01:29]} 44. Bc5+ {[%emt 0:00:30]} Ke6 {[%emt 0:01:23]} 45. Kf1 {[%emt 0:01:50]} Nh4 {[%emt 0:02:37]} (45... Ra1+ $142 46. Ke2 Rxg1 47. Bxg1 Kd5 48. Nf6+ Kc6) 46. Nc3 {[%emt 0:01:11]} Rb2 {[%emt 0:01:51]} 47. Nxb5 {[%emt 0:00:39]} Nf3 {[%emt 0:01:21]} 48. Rg8 {[%emt 0:00:51]} Nd2+ {[%emt 0:01:41]} 49. Kg1 {[%emt 0:01:16]} Ne4 {[%emt 0:02:03]} 50. Nc7+ {[%emt 0:00:26]} Kf5 {[%emt 0:00:32]} 51. Nd5 {[%emt 0:00:31]} Ng5 {[%emt 0:01:55]} 52. Nc3 {[%emt 0:00:37]} e4 {[%emt 0:00:55]} 53. Re8 {[%emt 0:00:26]} (53. Nd5 $142) 53... Be5 {[%emt 0:01:33]} 54. Nb5 {[%emt 0:00:33]} Ne6 {[%emt 0:00:20]} 55. Nd6+ {[%emt 0:00:00]} Bxd6 $1 {[%emt 0:00:33]} 56. Bxd6 {[%emt 0:00:30]} e3 {[%emt 0:00:05]} 57. Kf1 {[%emt 0:00:49]} Ke4 {[%emt 0:00:42]} 58. Rh8 {[%emt 0:00:42]} Nd4 {[%emt 0:00:44]} 59. Rh4+ {[%emt 0:00:24]} Kd3 {[%emt 0:00:22]} 60. Rh3 {[%emt 0:00:37]} Rf2+ {[%emt 0:00:23]} 61. Kg1 {[%emt 0:00:50]} Nf3+ {[%emt 0:00:30]} 62. Kh1 {[%emt 0:00:00]} e2 {[%emt 0:00:00]} 0-1